Espumas flutuantes (Record no. 48049)

MARC details
000 -LÍDER
campo de controle de tamanho fixo 00314 a2200145 4500
001 - NÚMERO DE CONTROLE
campo de controle 48049
040 ## - FONTE DA CATALOGAÇÃO
Instituição que transcreveu o registro Anchieta - Aquarius
100 ## - ENTRADA PRINCIPAL--NOME PESSOAL
Nome pessoal Alves, Castro
240 10 - TÍTULO UNIFORME
Título uniforme Espumas flutuantes
Idioma da obra por
245 10 - TÍTULO
Título Espumas flutuantes
300 ## - DESCRIÇÃO FÍSICA
Extensão 76
440 #1 - DECLARAÇÃO DE SÉRIE/ENTRADA ADICIONADA--TÍTULO
Título Ediouro
650 #4 - ASSUNTO--TERMO TÓPICO
Cabeçalho tópico ou nome geográfico Literatura brasileira
942 ## - ELEMENTOS DE ENTRADA ADICIONADOS (KOHA)
Tipo de material Koha Livros
Holdings
Situação do descarte Situação das perdas Situação física Não pode ser emprestado Biblioteca de origem Biblioteca atual Data de aquisição Total de empréstimos Número de chamada completo Código de barras Data de último acesso Data do preço efetivo Tipo de material Koha Fonte da classificação ou esquema de arquivamento na estante Nota pública
        Colégio Anchieta - Aquarius Colégio Anchieta - Aquarius 21/11/2023   869.93 ALV ESP 7156/AQU 21/11/2023 21/11/2023 Livros    
        Novo Tempo - Aureliano São José Novo Tempo - Aureliano São José 03/07/2024     if475 03/07/2024 03/07/2024 Livros Classificação Decimal de Dewey F